000 02980nam a22002537a 4500
003 Uzh_bibl
008 260423b |||||||| |||| 00| 0 ukr d
020 _a978-966-193-117-5
_c45.15
040 _bукр.
041 _2ukr
_aukr
080 _a94(477.75)
090 _a94(477.75)
_bГ 75
100 _aГрабовський,Сергій
245 _aAzat Qirim чи колонія Москви? : імперський геноцид і кримськотатарська революція
_hТекст
260 _aКиїв
_bВидавничий дім"Стилос"
_c2017
300 _a120 с.
520 _aКнига кандидатів філософських наук, фахівців з культурології та політичної історії Сергія Грабовського й Ігоря Лосева присвячена трагічній долі кримськотатарського народу, який став жертвою здійс­нюваного Російсько-совєтською імперією впродовж двох з половиною століть геноциду – з незначними періодами послаблень. Показані й охарактеризовані основні етапи цього геноциду та його наслідки, а разом з тим – кримськотатарське відродження перших декад XX сто­ліття, боротьба кримців за свободу, знаковим виявом якої стала Кримськотатарська революція 1917–1918 років. Автори, один з яких е кримчанином у дев’ятому поколінні, а інший має на півострові роди­чів і служив два роки там у війську, не тільки на основі писемних дже­рел, а й на підставі власного досвіду осмислили значний фактичний матеріал, пов’язаний і з історією Криму, і з культурою кримськотатар­ського народу, і з методами колоніальної політики Росії. Книга являє собою український погляд на кримськотатарську історію та може бути рекомендована науковцям, учителям, військо­викам, студентам, усім тим, хто небайдужий до перспектив розвитку України та долі кримців.
521 _aДля широкого кола читачів
546 _aукр.
650 _aНауково популярне видання
653 _aГеноцид
_aБоротьба за свободу
_aКрим
700 _a І. Лосєв
942 _2udc
_cBK
999 _c17508
_d17508